Python Keywords Quiz Stats

 Plays Quiz not verified by Sporcle

Challenge
Share
Tweet
Embed
Score 0/32 Timer 10:00
0 Plays Today
Keyword % Correct
if
78.6%
in
73.8%
for
72.8%
-
71.8%
71.8%
and
71.8%
69.9%
while
68.9%
def
64.1%
or
55.3%
class
51.5%
import
44.7%
as
40.8%
True
34%
False
33%
is
32%
Keyword % Correct
from
30.1%
=
24.3%
-=
24.3%
+
24.3%
!=
24.3%
*
19.4%
==
17.5%
range
15.5%
>
14.6%
__init__
12.6%
self
12.6%
#
10.7%
*=
9.7%
+=
8.7%
dir
8.7%
__builtins__
4.9%

You're not logged in!

Compare scores with friends on all Sporcle quizzes.
OR
Log In

You Might Also Like...

Show Comments

Extras

Created Mar 8, 2011ReportNominate
Tags:keyword, python

Top Quizzes Today


Score Distribution

Your Account Isn't Verified!

In order to create a playlist on Sporcle, you need to verify the email address you used during registration. Go to your Sporcle Settings to finish the process.

Report this User

Report this user for behavior that violates our Community Guidelines.

Details: